Al puerto de la esperanza : (Record no. 198232)

MARC details
000 -LEADER
campo de control de longitud fija 01311nam a2200349 i 4500
001 - NÚMERO DE CONTROL
campo de control 198232
003 - IDENTIFICADOR DE NÚMERO DE CONTROL
campo de control ES-MaACL
005 - FECHA Y HORA DE LA ÚLTIMA TRANSACCIÓN
campo de control 20260417165556.0
007 - CAMPO FIJO DE DESCRIPCIÓN FÍSICA--INFORMACIÓN GENERAL
campo de control de longitud fija ta
008 - DATOS DE LONGITUD FIJA--INFORMACIÓN GENERAL
campo de control de longitud fija 260417s2005 mx ||||| |||| 001 0 spa d
020 ## - NÚMERO INTERNACIONAL ESTÁNDAR DEL LIBRO
ISBN cancelado o inválido 970-84274-0-7
040 ## - FUENTE DE CATALOGACIÓN
Centro catalogador/agencia de origen ES-MaACL
Lengua de catalogación spa
Centro/agencia transcriptor ES-MaACL
Normas de descripción rda
044 ## - CÓDIGO DEL PAÍS DE LA ENTIDAD EDITORA/PRODUCTORA
Código MARC del país mx
080 ## - NÚMERO DE LA CLASIFICACIÓN DECIMAL UNIVERSAL
Número de la Clasificación Decimal Universal 929-054.74(=1:460:720)"1939/75"
100 1# - ENTRADA PRINCIPAL--NOMBRE DE PERSONA
Relación aut
Nombre de persona Vera Canales, Alfonso
Término indicativo de función/relación Autor
9 (RLIN) 242997
245 10 - MENCIÓN DEL TÍTULO
Título Al puerto de la esperanza :
Resto del título homenaje a 600 exiliados españoles y al Puerto de Coatzacoalcos, Veracruz, México que los vio arribar el 26 de julio de 1940 /
Mención de responsabilidad, etc. Alfonso Vera Canales
264 #1 - PRODUCCIÓN, PUBLICACIÓN, DISTRIBUCIÓN, FABRICACIÓN Y COPYRIGHT
Producción, publicación, distribución, fabricación y copyright [México D.F.] :
Nombre del de productor, editor, distribuidor, fabricante [A. Vera],
Fecha de producción, publicación, distribución, fabricación o copyright 2005
264 #3 - PRODUCCIÓN, PUBLICACIÓN, DISTRIBUCIÓN, FABRICACIÓN Y COPYRIGHT
Producción, publicación, distribución, fabricación y copyright Monterrey :
Nombre del de productor, editor, distribuidor, fabricante Talleres de Tecnoimagen,
Fecha de producción, publicación, distribución, fabricación o copyright 2005
300 ## - DESCRIPCIÓN FÍSICA
Extensión 331 páginas ;
Dimensiones 22 cm
336 ## - TIPO DE CONTENIDO
Fuente rdacontent
Término de tipo de contenido Texto
337 ## - TIPO DE MEDIO
Fuente rdamedia
Nombre/término del tipo de medio sin mediación
338 ## - TIPO DE SOPORTE
Fuente rdacarrier
Nombre/término del tipo de soporte volumen
500 ## - NOTA GENERAL
Nota general Registro provisional
500 ## - NOTA GENERAL
Nota general Título tomado de la cubierta
500 ## - NOTA GENERAL
Nota general "Primera impresión, mayo del 2005; reimpresión, julio 2005"--Colofón
500 ## - NOTA GENERAL
Nota general Índice
650 #4 - PUNTO DE ACCESO ADICIONAL DE MATERIA--TÉRMINO DE MATERIA
Término de materia o nombre geográfico como elemento de entrada Exiliados españoles-
Subdivisión geográfica México-
Subdivisión cronológica 1939-1975
9 (RLIN) 237679
852 ## - LOCALIZACIÓN
Ubicación ES-MaACL
Ubicación en estantería Despachos-biblioteca
Número de control de estantería DB-122
Donativo/Legado Donación: Manuel Guedán
Encuadernación Encuadernación rústica
942 ## - ELEMENTOS DE ENTRADA SECUNDARIOS (KOHA)
Tipo de ítem Koha Libro impreso
Suprimir en OPAC No
Holdings
Estatus retirado Estado de pérdida Fuente del sistema de clasificación o colocación Estado de daño No para préstamo Biblioteca de origen Biblioteca actual Ubicación en estantería Fecha de adquisición Fuente de adquisición Total de préstamos Signatura topográfica completa Código de barras Visto por última vez Precio de reemplazo Tipo de ítem Koha
    Clasificación decimal universal     Biblioteca del Ateneo de Madrid Biblioteca del Ateneo de Madrid Despachos-biblioteca 20/03/2026 Donación   DB-122 2026-0204 17/04/2026 17/04/2026 Libro impreso